Клинична хомеопатия (Запис номер 326233)
[ съкратено ]
| 000 -Лидер | |
|---|---|
| Контролно поле с фиксирана дължина | 02090nam a2200373 a 4500 |
| 003 - Код на организацията, давaща контролен номер | |
| Контролно поле | BLK |
| 005 - Дата и час на последна редакция | |
| Контролно поле | 20250612093305.0 |
| 008 - Елементи от данни с фиксирана дължина | |
| fixed length control field | 181114b bu ||||r|||| 00| | bu d |
| 020 ## - Международен стандартен номер на книга ISBN | |
| Международен стандартен номер на книга ISBN | 978-619-90987-0-7 |
| 040 ## - Източник на каталожния запис | |
| Идентификатор на билиотеката - собственик на записа | BLK |
| 041 ## - Код за език | |
| Код за езика на текст/звукозапис или на отделно заглавие | Български |
| Код за езика КДБФ | Български |
| 080 ## - УДК | |
| Текстов определител УДК | Фармакодинамика.Общи принципи на фармакологията - Взаимовръзка между състав,концентрация,дозировка,време и действие на лекарството;синергично(съвместно) и антагонистично действие;дозиране, хомеопатия, |
| УДК код - определител по УДК | 615.015 |
| УДК определител | (035) |
| УДК - код + определител | 615.015(035) |
| 100 1# - Редна дума - Автор | |
| Автор | Грудев, Драгомир Грудев |
| Авторска отговорност | първи автор |
| R(LIN) | 1299 |
| 139 ## - Редно поле | |
| Редна дума | Грудев, Драгомир Грудев |
| Авторски знак | |
| 245 ## - Сведения за заглавието | |
| Заглавие | Клинична хомеопатия |
| Подзаглавни данни | Приложна материя медика |
| 260 ## - Област на издателските данни | |
| 9 (RLIN) | 210881 |
| Име на издателя, разпространителя и проч. | Изток-Запад |
| Година на издаване | 2017 г. |
| 300 ## - Физическа характеристика | |
| Страници | 430 с. |
| Илюстрации и др. | с цв. ил. |
| Размери/Мащаб | 25 см |
| 380 ## - Жанр | |
| Жанр | Медицина |
| 500 ## - Общи забележки | |
| Забележка | Показалец на нозологични единици и патологични симптоми, описани в текста<br/>Показалец на хомеопатичните източници |
| 650 #0 - Допълнително описание по предмет – тема | |
| 9 (RLIN) | 261043 |
| Основно описание – тема или топоним | Хомеопатия - речници и справочници |
| 653 #7 - Ключова дума – ненормативна | |
| 9 (RLIN) | 200061 |
| Ключова дума | хомеопатия |
| 653 #7 - Ключова дума – ненормативна | |
| 9 (RLIN) | 190721 |
| Ключова дума | медицина |
| 653 #7 - Ключова дума – ненормативна | |
| 9 (RLIN) | 188695 |
| Ключова дума | клинична терапия |
| 700 ## - Други автори (авторска отговорност) | |
| Лично име | Енев, Иван Георгиев |
| Автороска отговорност (Описва отношението между автора и произведението) | съавт. |
| 9 (RLIN) | 1445 |
| 700 ## - Други автори (авторска отговорност) | |
| 9 (RLIN) | 323721 |
| Лично име | Угринова, Зорка Драгомирова |
| Автороска отговорност (Описва отношението между автора и произведението) | съавт. |
| 700 ## - Други автори (авторска отговорност) | |
| 9 (RLIN) | 390660 |
| Лично име | Слави Иванов Филчев |
| 700 ## - Други автори (авторска отговорност) | |
| 9 (RLIN) | 390420 |
| Лично име | Ива Вранчева |
| Автороска отговорност (Описва отношението между автора и произведението) | кор. |
| 700 ## - Други автори (авторска отговорност) | |
| 9 (RLIN) | 639 |
| Лично име | Румен Хараламбиев |
| Автороска отговорност (Описва отношението между автора и произведението) | компютърна обраб. |
| 700 ## - Други автори (авторска отговорност) | |
| 9 (RLIN) | 755 |
| Лично име | Митов, Марио Йорданов |
| Автороска отговорност (Описва отношението между автора и произведението) | оформление |
| 852 ## - Местоположение | |
| Форматна сигнатура | Цб 291623 |
| Фондова буква | Хранилище |
| 999 ## - СИСТЕМНИ КОНТРОЛНИ НОМЕРА | |
| Koha biblionumber | 326233 |
| Koha biblioitemnumber | 326233 |
| 942 ## - АРТИКУЛИ | |
| Вид на библиотечния материал | Книги |
| Скрит в OPAC | Не |
| Koha issues (borrowed), all copies | 1 |
| 944 ## - СЪЗДАВАНЕ И РЕДАКЦИЯ на ЗАПИСА | |
| Създаване/Редакция | Създаване |
| Дата на регистрацията/редакция | 2018-11-14 |
| Служител, извършил регистрацията/редакцията | 30563 |
| Статус, дата на статуса | Ивелин Русев |
| 999 ## - СИСТЕМНИ КОНТРОЛНИ НОМЕРА | |
| Koha biblioitemnumber | 326233 |
| Код за отписване | Код за изгубен артикул | Източник на класификационната схема | Код за повреда | Коз за рестрикции | Код за отдаване | Артикулен № | Име на библиотеката - собственик | Име на библиотеката, в която се намира в момента | Статус (Текущо местоположение) | Дата на вписване в системата | Местоположение - отдел | Цена в лева | Систематично азбучна сигнатура | Баркод | Цена в евро | Служебен тип на артикула |
|---|---|---|---|---|---|---|---|---|---|---|---|---|---|---|---|---|
| Не е изгубен | Universal Decimal Classification | Не е повреден | без рестрикции | ползва се в читалня | 682604 | Регионална библиотека "Любен Каравелов" Русе | Регионална библиотека "Любен Каравелов" Русе | Хранилище | 2018-11-22 | Хранилище | 40.00 | Цб 291623 | 120000825388 | 20.45 | Книги |